| 000 | 01138nam a2200385Ia 4500 | ||
|---|---|---|---|
| 003 | OSt | ||
| 005 | 20220912144536.0 | ||
| 006 | a|||||r|||| 00| 0 | ||
| 007 | ta | ||
| 008 | 220909b |||||||| |||| 00| 0 eng d | ||
| 020 | _a9789332539075 (pbk) | ||
| 020 | _aSL01600581 | ||
| 024 | _a195748 | ||
| 037 | _cTextual | ||
| 040 |
_aCSL _beng _cCSL |
||
| 041 | _aeng | ||
| 082 | _aD65,8(B)92Ja, N6;Q5-;4 | ||
| 100 | _aGosling James; Joy Bill; Steele Guy; Bracha Gilad; Buckley Alex | ||
| 245 | 0 | _aJava language specification | |
| 250 | _a8 | ||
| 260 |
_aNew Delhi _b Pearson _c2015 |
||
| 300 | _axxii, 758p. ill. | ||
| 500 | _aIndex 715-754p. | ||
| 650 | _a ackages | ||
| 650 | _a Arrays | ||
| 650 | _a Binary compatibility | ||
| 650 | _a Blocks and statments | ||
| 650 | _aInference | ||
| 700 | _a Bracha Gilad | ||
| 700 | _a Buckley Alex | ||
| 700 | _a Steele Guy | ||
| 700 | _aGosling James; Joy Bill; Steele Guy; Bracha Gilad; Buckley Alex | ||
| 942 |
_hD65,8(B)92Ja, N6;Q5-;4 _cTEXL _2CC |
||
| 999 |
_c11515 _d11515 |
||